00514nam a2200169Ia 4500008004100000082001300041100002200054245004400076250000800120260003600128300001300164500002400177650001600201942000700217952010300224999001700327230524s9999 xx 000 0 und d a510bBER aG.N.Berman924201 2aA Problem Book in Mathematical Analysis a1ST aNEW DELHIbCBS Publishersc2000 aVIII;458 aQuantity Number: 1 aMathematics cBK 00104070aTATCLbTATCLcGENd2023-05-24l0o510 BERp13391r2023-05-24w2023-05-24yBKzBSCP2201 c35718d35718